[Event "Stay Safe Play From Home 157"]
[Site "T#646177Emanuel Laske"]
[Date "2020.05.19"]
[Round "8"]
[White "XShot"]
[Black "Lamborghini"]
[Result "1-0"]
[WhiteElo "2491"]
[BlackElo "2325"]
[Annotator "TA"]
[PlyCount "155"]
[EventDate "2020.05.19"]
[EventType "swiss (blitz)"]

{[%evp 12,155,0,0,0,0,0,-31,-31,-44,-37,-50,0,2,3,-4,0,-9,0,0,0,0,12,0,15,12,21,0,0,0,0,0,8,8,17,17,17,12,19,20,24,17,22,0,0,0,0,-34,64,0,0,-8,0,-8,0,0,0,0,0,0,0,0,0,0,0,0,0,0,0,0,0,0,0,0,0,0,0,0,8,0,0,0,0,0,0,0,0,0,0,0,0,0,0,0,29970,29969,29974,29972,29976,29978,29982,29983,29983,29984,29984,29985,29985,29986,29986,29987,29987,29988,29988,0,0,0,29991,29992,29992,29992,29992,29993,29993,29994,29995,29996,29996,29997,29997,29997,29997,29997,29997,29998,29998,29997,29997,29998,29999,29998,29998,29998,29998,29998,29998,29999]} 1. d4 Nf6 2. Nf3 g6 3. Nc3 Bg7 4. g3 d5 5. Bg2 c6 6. O-O O-O 7. Re1 Bf5 {D02: 1 d4 d5 2 Nf3 sidelines, including 2...Nf6 3 g3 and 2...Nf6 3 Bf4.} 8. Nh4 Be6 9. e4 dxe4 {Black is slightly better.} 10. Nxe4 Nxe4 11. Rxe4 {[#]} Nd7 $146 (11... Bd5 $1 $15 12. Re1 Bxg2 13. Nxg2 Bxd4) ({Predecessor:} 11... Bd5 12. Re1 Bxg2 13. Nxg2 Bxd4 14. Bh6 Re8 15. c3 Bf6 16. Qb3 Qc7 17. Ne3 Nd7 {0-1 (25) Spik,P (1985)-Zeleny,T (1752) Liberec 2018}) 12. c3 $11 Bd5 13. Re1 Bxg2 14. Nxg2 Re8 15. Bg5 h6 16. Be3 Nf6 17. Qd2 Kh7 18. h4 Nd5 19. Nf4 Nxe3 20. Qxe3 e5 21. dxe5 Rxe5 22. Qf3 Qf6 23. Rxe5 Qxe5 24. Rd1 Re8 25. Rd7 Re7 26. Rxe7 Qxe7 27. Kg2 h5 28. Nh3 Bf6 29. Qe3 Kg7 (29... Qxe3 $15 30. fxe3 a5) 30. Qxe7 (30. Qxa7 $14 Qe4+ 31. Kh2) 30... Bxe7 $14 {[%mdl 4096] Endgame KB-KN} 31. Nf4 Bd6 {With the idea ...Bxf4.} 32. Nd3 f5 33. f4 Kf6 34. Kf3 Ke6 35. Ke3 b5 36. b3 Kd5 37. Ke2 a5 38. Ne1 Bc5 39. Nf3 Be7 40. Ne5 Bf6 41. Nxg6 Bxc3 42. Ne7+ {[%mdl 64] [#] Double Attack} Ke6 43. Nxc6 {Threatening Na7.} Kd6 44. Nd8 Ke7 45. Nc6+ Kd6 46. Ne5 (46. Na7 {keeps more tension.} Kc5 47. Nc8 Kd5 48. a4 bxa4 49. bxa4 Bd4 50. Ne7+) 46... Bxe5 47. fxe5+ Kxe5 $11 {KP-KP} 48. Ke3 b4 49. Kf3 Ke6 (49... Kd4 $5 50. Kf4 $8 Kc3 51. Kxf5 Kb2 $11) 50. Kf4 {aiming for Kg5.} Kf6 51. Kf3 {Strongly threatening Kf4.} Ke5 52. Ke3 Kd5 $2 {[%mdl 8192] [#]} (52... Ke6 $11) 53. Kf4 Kd4 54. Kxf5 Kc3 55. g4 Kb2 56. gxh5 Kxa2 {K3P-KPP} 57. h6 a4 58. h7 ({Not} 58. bxa4 b3 $11) 58... axb3 59. h8=Q b2 60. Qa8+ Kb3 61. Qd5+ Ka3 62. Qa5+ $2 (62. Qd1 {mates} Ka2 63. Qa4+ {[%mdl 64] Double Attack} Kb1 64. h5 Kc1 65. Qc6+ Kd1 66. Qe4 Kd2 67. h6) 62... Kb3 63. Qd5+ Kc3 $2 {[%mdl 8192] White now steadily converts the win.} (63... Ka3 $11) 64. Qd1 {White mates.} b3 65. Qb1 Kb4 66. h5 Kc4 67. h6 Kc3 68. h7 Kb4 69. h8=Q Ka3 70. Qg7 Kb4 71. Qf6 Ka3 72. Qe5 {[%cal Re5a5]} Kb4 73. Qexb2 Kc4 74. Qxb3+ Kd4 75. Qb4+ Ke3 76. Q1b3+ Ke2 77. Q4c3 Kf1 78. Qcc2 {Accuracy: White = 93%, Black = 91%.} 1-0

[Event "Stay Safe Play From Home 157"]
[Site "T#646177Emanuel Laske"]
[Date "2020.05.19"]
[Round "8"]
[White "Little champs"]
[Black "Toosieslide"]
[Result "1-0"]
[WhiteElo "2235"]
[BlackElo "2179"]
[Annotator "NA"]
[PlyCount "131"]
[EventDate "2020.05.19"]
[EventType "swiss (blitz)"]

1. d4 {[%emt 0:00:03]} d5 {[%emt 0:00:01]} 2. e3 {[%emt 0:00:00]} c6 {[%emt 0:00:01]} 3. Nf3 {[%emt 0:00:00]} Nf6 {[%emt 0:00:00]} 4. c4 {[%emt 0:00:00]} Bf5 {[%emt 0:00:01]} 5. cxd5 {[%emt 0:00:00]} cxd5 {[%emt 0:00:01]} 6. Nc3 {[%emt 0:00:00]} Nc6 {[%emt 0:00:01]} 7. Qb3 {[%emt 0:00:00]} Qb6 {[%emt 0:00:02]} 8. Nxd5 {[%emt 0:00:03]} Qxb3 {[%emt 0:00:01]} 9. Nxf6+ {[%emt 0:00:01]} exf6 {[%emt 0:00:00]} 10. axb3 {[%emt 0:00:00]} Nb4 {[%emt 0:00:00]} 11. Bb5+ {[%emt 0:00:01]} Bd7 {[%emt 0:00:03]} 12. Bxd7+ {[%emt 0:00:01]} Kxd7 {[%emt 0:00:00]} 13. O-O {[%emt 0:00:00]} Bd6 {[%emt 0:00:00]} 14. Bd2 {[%emt 0:00:01]} Rhc8 {[%emt 0:00:01]} 15. Bxb4 {[%emt 0:00:01]} Bxb4 {[%emt 0:00:00]} 16. Rac1 {[%emt 0:00:00]} a5 {[%emt 0:00:00]} 17. Rfd1 {[%emt 0:00:02]} Kd6 {[%emt 0:00:01]} 18. Kf1 {[%emt 0:00:01]} Rxc1 {[%emt 0:00:01]} 19. Rxc1 {[%emt 0:00:01]} a4 {[%emt 0:00:00]} 20. Ra1 {[%emt 0:00:02]} b5 {[%emt 0:00:03]} 21. Ke2 {[%emt 0:00:01]} Kd5 {[%emt 0:00:02]} 22. Kd3 {[%emt 0:00:00]} f5 {[%emt 0:00:01]} 23. g3 {[%emt 0:00:02]} f6 {[%emt 0:00:02]} 24. h3 {[%emt 0:00:02]} g5 {[%emt 0:00:01]} 25. g4 {[%emt 0:00:00]} fxg4 {[%emt 0:00:07]} 26. hxg4 {[%emt 0:00:01]} a3 {[%emt 0:00:03]} 27. bxa3 {[%emt 0:00:01]} Bxa3 {[%emt 0:00:00]} 28. e4+ {[%emt 0:00:01]} Kd6 {[%emt 0:00:01]} 29. Nd2 {[%emt 0:00:02]} b4 {[%emt 0:00:02]} 30. Nc4+ {[%emt 0:00:01]} Ke6 {[%emt 0:00:01]} 31. Nxa3 {[%emt 0:00:01]} bxa3 {[%emt 0:00:00]} 32. Kc3 {[%emt 0:00:01]} Rc8+ {[%emt 0:00:02]} 33. Kb4 {[%emt 0:00:01]} Rd8 {[%emt 0:00:00]} 34. Rd1 {[%emt 0:00:02]} a2 {[%emt 0:00:01]} 35. d5+ {[%emt 0:00:10]} Ke5 {[%emt 0:00:01]} 36. f3 {[%emt 0:00:00]} Kf4 {[%emt 0:00:01]} 37. Ra1 {[%emt 0:00:01]} Kxf3 {[%emt 0:00:01]} 38. Kc5 {[%emt 0:00:00]} Kxe4 {[%emt 0:00:00]} 39. d6 {[%emt 0:00:00]} Rc8+ {[%emt 0:00:01]} 40. Kb6 {[%emt 0:00:01]} Kd5 {[%emt 0:00:01]} 41. d7 {[%emt 0:00:01]} Ra8 {[%emt 0:00:05]} 42. Kc7 {[%emt 0:00:01]} Ra7+ {[%emt 0:00:01]} 43. Kc8 {[%emt 0:00:01]} Ra8+ {[%emt 0:00:01]} 44. Kb7 {[%emt 0:00:01]} Rd8 {[%emt 0:00:03]} 45. Kc7 {[%emt 0:00:01]} Rxd7+ {[%emt 0:00:00]} 46. Kxd7 {[%emt 0:00:01]} Ke4 {[%emt 0:00:00]} 47. Rxa2 {[%emt 0:00:00]} Kf4 {[%emt 0:00:00]} 48. b4 {[%emt 0:00:00]} Kxg4 {[%emt 0:00:00]} 49. b5 {[%emt 0:00:00]} Kf5 {[%emt 0:00:00]} 50. b6 {[%emt 0:00:00]} g4 {[%emt 0:00:00]} 51. b7 {[%emt 0:00:00]} Kg5 {[%emt 0:00:00]} 52. b8=Q {[%emt 0:00:00]} Kh4 {[%emt 0:00:00]} 53. Qh2+ {[%emt 0:00:01]} Kg5 {[%emt 0:00:00]} 54. Ra5+ {[%emt 0:00:00]} f5 {[%emt 0:00:01]} 55. Qe5 {[%emt 0:00:01]} h5 {[%emt 0:00:00]} 56. Qxf5+ {[%emt 0:00:00]} Kh4 {[%emt 0:00:00]} 57. Qxh5+ {[%emt 0:00:01]} Kg3 {[%emt 0:00:00]} 58. Ra3+ {[%emt 0:00:00]} Kf2 {[%emt 0:00:01]} 59. Qf5+ {[%emt 0:00:01]} Ke1 {[%emt 0:00:00]} 60. Re3+ {[%emt 0:00:01]} Kd2 {[%emt 0:00:00]} 61. Qd3+ {[%emt 0:00:01]} Kc1 {[%emt 0:00:00]} 62. Re4 {[%emt 0:00:00]} Kb2 {[%emt 0:00:00]} 63. Rc4 {[%emt 0:00:01]} Ka2 {[%emt 0:00:01]} 64. Qd5 {[%emt 0:00:00]} g3 {[%emt 0:00:01]} 65. Qb5 {[%emt 0:00:00]} Ka3 {[%emt 0:00:01]} 66. Ra4# {[%emt 0:00:00] (Lag: Av=0.82s, max=2.0s)} 1-0

[Event "Stay Safe Play From Home 157"]
[Site "T#646177Emanuel Laske"]
[Date "2020.05.19"]
[Round "8"]
[White "BrainThinker22"]
[Black "Fischer_11"]
[Result "1-0"]
[WhiteElo "2225"]
[BlackElo "2145"]
[Annotator "NA"]
[PlyCount "77"]
[EventDate "2020.05.19"]
[EventType "swiss (blitz)"]

1. e4 {[%emt 0:00:01]} Nf6 {[%emt 0:00:01]} 2. Nc3 {[%emt 0:00:01]} d5 {[%emt 0:00:01]} 3. e5 {[%emt 0:00:00]} Ne4 {[%emt 0:00:01]} 4. d3 {[%emt 0:00:01]} Nxc3 {[%emt 0:00:01]} 5. bxc3 {[%emt 0:00:00]} c5 {[%emt 0:00:01]} 6. f4 {[%emt 0:00:00]} Nc6 {[%emt 0:00:00]} 7. g3 {[%emt 0:00:01]} Bg4 {[%emt 0:00:00]} 8. Qxg4 {[%emt 0:00:02]} e6 {[%emt 0:00:00]} 9. Qd1 {[%emt 0:00:01]} f6 {[%emt 0:00:01]} 10. Bg2 {[%emt 0:00:00]} fxe5 {[%emt 0:00:00]} 11. Nf3 {[%emt 0:00:01]} exf4 {[%emt 0:00:01]} 12. Bxf4 {[%emt 0:00:00]} Bd6 {[%emt 0:00:00]} 13. Bxd6 {[%emt 0:00:02]} Qxd6 {[%emt 0:00:00]} 14. O-O {[%emt 0:00:00]} O-O {[%emt 0:00:02]} 15. Re1 {[%emt 0:00:00]} e5 {[%emt 0:00:01]} 16. Qd2 {[%emt 0:00:01]} Rae8 {[%emt 0:00:02]} 17. Qg5 {[%emt 0:00:01]} h6 {[%emt 0:00:03]} 18. Qh4 {[%emt 0:00:01]} b6 {[%emt 0:00:01]} 19. Nd2 {[%emt 0:00:01]} Re6 {[%emt 0:00:05]} 20. Rf1 {[%emt 0:00:01]} Rfe8 {[%emt 0:00:01]} 21. c4 {[%emt 0:00:02]} e4 {[%emt 0:00:06]} 22. cxd5 {[%emt 0:00:01]} Qxd5 {[%emt 0:00:00]} 23. Bxe4 {[%emt 0:00:01]} Qd4+ {[%emt 0:00:02]} 24. Kg2 {[%emt 0:00:01]} Ne5 {[%emt 0:00:07]} 25. Rae1 {[%emt 0:00:07]} Ng6 {[%emt 0:00:03]} 26. Bxg6 {[%emt 0:00:05]} Qxh4 {[%emt 0:00:02]} 27. gxh4 {[%emt 0:00:03]} Rxe1 {[%emt 0:00:01]} 28. Bxe8 {[%emt 0:00:00]} Rxe8 {[%emt 0:00:01]} 29. Ne4 {[%emt 0:00:01]} c4 {[%emt 0:00:02]} 30. h5 {[%emt 0:00:02]} cxd3 {[%emt 0:00:00]} 31. cxd3 {[%emt 0:00:00]} Rd8 {[%emt 0:00:01]} 32. Rd1 {[%emt 0:00:01]} Rd5 {[%emt 0:00:01]} 33. Kf3 {[%emt 0:00:01]} Rxh5 {[%emt 0:00:01]} 34. d4 {[%emt 0:00:01]} Rxh2 {[%emt 0:00:01]} 35. d5 {[%emt 0:00:01]} Rh3+ {[%emt 0:00:01]} 36. Kg4 {[%emt 0:00:01]} Re3 {[%emt 0:00:04]} 37. Kf4 {[%emt 0:00:02]} Rxe4+ {[%emt 0:00:06]} 38. Kxe4 {[%emt 0:00:01]} Kf7 {[%emt 0:00:00]} 39. d6 {[%emt 0:00:00] Zeit (Lag: Av=0.40s, max=0.9s)} 1-0

[Event "Stay Safe Play From Home 157"]
[Site "T#646177Emanuel Laske"]
[Date "2020.05.19"]
[Round "8"]
[White "SoulofWolf"]
[Black "SecantFX"]
[Result "1-0"]
[WhiteElo "2157"]
[BlackElo "1960"]
[Annotator "NA"]
[PlyCount "123"]
[EventDate "2020.05.19"]
[EventType "swiss (blitz)"]

1. c4 {[%emt 0:00:00]} b6 {[%emt 0:00:00]} 2. Nc3 {[%emt 0:00:00]} Bb7 {[%emt 0:00:01]} 3. e3 {[%emt 0:00:01]} c5 {[%emt 0:00:00]} 4. Nf3 {[%emt 0:00:00]} Nc6 {[%emt 0:00:00]} 5. g3 {[%emt 0:00:00]} d6 {[%emt 0:00:00]} 6. Bg2 {[%emt 0:00:00]} e5 {[%emt 0:00:00]} 7. O-O {[%emt 0:00:00]} Nf6 {[%emt 0:00:01]} 8. d3 {[%emt 0:00:01]} Be7 {[%emt 0:00:00]} 9. a3 {[%emt 0:00:00]} O-O {[%emt 0:00:00]} 10. Qc2 {[%emt 0:00:00]} a6 {[%emt 0:00:00]} 11. Rb1 {[%emt 0:00:00]} Rc8 {[%emt 0:00:01]} 12. b4 {[%emt 0:00:00]} cxb4 {[%emt 0:00:01]} 13. axb4 {[%emt 0:00:00]} Nb8 {[%emt 0:00:01]} 14. Bb2 {[%emt 0:00:01]} d5 {[%emt 0:00:01]} 15. cxd5 {[%emt 0:00:01]} Nxd5 {[%emt 0:00:01]} 16. Qb3 {[%emt 0:00:01]} Nxb4 {[%emt 0:00:02]} 17. Rfd1 {[%emt 0:00:03]} a5 {[%emt 0:00:05]} 18. Nxe5 {[%emt 0:00:02]} Bf6 {[%emt 0:00:01]} 19. Bxb7 {[%emt 0:00:02]} Rc7 {[%emt 0:00:02]} 20. Bg2 {[%emt 0:00:04]} Bxe5 {[%emt 0:00:01]} 21. d4 {[%emt 0:00:01]} Bd6 {[%emt 0:00:01]} 22. Nb5 {[%emt 0:00:01]} Rd7 {[%emt 0:00:01]} 23. Ba3 {[%emt 0:00:04]} Re8 {[%emt 0:00:01]} 24. Nxd6 {[%emt 0:00:01]} Rxd6 {[%emt 0:00:01]} 25. Bxb4 {[%emt 0:00:00]} axb4 {[%emt 0:00:00]} 26. Qxb4 {[%emt 0:00:00]} Qe7 {[%emt 0:00:03]} 27. Rbc1 {[%emt 0:00:01]} Nd7 {[%emt 0:00:01]} 28. Rc7 {[%emt 0:00:03]} Rd8 {[%emt 0:00:01]} 29. Rdc1 {[%emt 0:00:01]} Qe6 {[%emt 0:00:01]} 30. h3 {[%emt 0:00:01]} Nf8 {[%emt 0:00:01]} 31. Qc4 {[%emt 0:00:02]} Qxc4 {[%emt 0:00:02]} 32. R1xc4 {[%emt 0:00:00]} Ne6 {[%emt 0:00:01]} 33. R7c6 {[%emt 0:00:01]} Kf8 {[%emt 0:00:03]} 34. Kh2 {[%emt 0:00:01]} Ke7 {[%emt 0:00:01]} 35. h4 {[%emt 0:00:01]} R8d7 {[%emt 0:00:01]} 36. Rc8 {[%emt 0:00:01]} Nd8 {[%emt 0:00:01]} 37. Ra8 {[%emt 0:00:01]} b5 {[%emt 0:00:01]} 38. Rcc8 {[%emt 0:00:01]} Rb6 {[%emt 0:00:01]} 39. Kh3 {[%emt 0:00:01]} b4 {[%emt 0:00:01]} 40. Rcb8 {[%emt 0:00:02]} Rdd6 {[%emt 0:00:05]} 41. Be4 {[%emt 0:00:02]} b3 {[%emt 0:00:01]} 42. Bb1 {[%emt 0:00:00]} b2 {[%emt 0:00:01]} 43. Kg4 {[%emt 0:00:01]} Nc6 {[%emt 0:00:01]} 44. Rxb6 {[%emt 0:00:01]} Ne5+ {[%emt 0:00:01]} 45. dxe5 {[%emt 0:00:02]} Rxb6 {[%emt 0:00:00]} 46. Ra2 {[%emt 0:00:01]} f6 {[%emt 0:00:01]} 47. exf6+ {[%emt 0:00:01]} Kxf6 {[%emt 0:00:00]} 48. Kf3 {[%emt 0:00:00]} g6 {[%emt 0:00:01]} 49. Ke2 {[%emt 0:00:00]} h5 {[%emt 0:00:00]} 50. Kd2 {[%emt 0:00:00]} Ke5 {[%emt 0:00:00]} 51. Kc2 {[%emt 0:00:00]} Rc6+ {[%emt 0:00:01]} 52. Kxb2 {[%emt 0:00:00]} Rd6 {[%emt 0:00:01]} 53. Kc2 {[%emt 0:00:01]} Kf6 {[%emt 0:00:01]} 54. Ra3 {[%emt 0:00:01]} g5 {[%emt 0:00:01]} 55. Rc3 {[%emt 0:00:00]} gxh4 {[%emt 0:00:00]} 56. gxh4 {[%emt 0:00:00]} Kf5 {[%emt 0:00:01]} 57. Rc4 {[%emt 0:00:01]} Ke5 {[%emt 0:00:01]} 58. Kc3 {[%emt 0:00:00]} Rb6 {[%emt 0:00:01]} 59. Bc2 {[%emt 0:00:01]} Ke6 {[%emt 0:00:02]} 60. Bd3 {[%emt 0:00:01]} Kf6 {[%emt 0:00:00]} 61. Be2 {[%emt 0:00:00]} Re6 {[%emt 0:00:01]} 62. Bxh5 {[%emt 0:00:01] Time (Lag: Av=0.41s, max=1.2s)} 1-0

[Event "Stay Safe Play From Home 157"]
[Site "T#646177Emanuel Laske"]
[Date "2020.05.19"]
[Round "8"]
[White "Weltszmerc"]
[Black "Trotsky"]
[Result "1-0"]
[WhiteElo "2017"]
[BlackElo "1539"]
[Annotator "NA"]
[PlyCount "57"]
[EventDate "2020.05.19"]
[EventType "swiss (blitz)"]

1. d4 {[%emt 0:00:01]} d5 {[%emt 0:00:03]} 2. c4 {[%emt 0:00:00]} e6 {[%emt 0:00:01]} 3. Nf3 {[%emt 0:00:00]} c5 {[%emt 0:00:01]} 4. g3 {[%emt 0:00:00]} Nc6 {[%emt 0:00:01]} 5. cxd5 {[%emt 0:00:00]} exd5 {[%emt 0:00:01]} 6. Bg2 {[%emt 0:00:00]} Be6 {[%emt 0:00:02]} 7. dxc5 {[%emt 0:00:00]} Bxc5 {[%emt 0:00:01]} 8. O-O {[%emt 0:00:01]} Qc7 {[%emt 0:00:01]} 9. a3 {[%emt 0:00:00]} Bd6 {[%emt 0:00:01]} 10. b4 {[%emt 0:00:01]} O-O-O {[%emt 0:00:01]} 11. Bb2 {[%emt 0:00:00]} f6 {[%emt 0:00:01]} 12. Nc3 {[%emt 0:00:00]} a6 {[%emt 0:00:02]} 13. b5 {[%emt 0:00:01]} Ne5 {[%emt 0:00:01]} 14. bxa6 {[%emt 0:00:01]} Kb8 {[%emt 0:00:01]} 15. Nb5 {[%emt 0:00:01]} Qb6 {[%emt 0:00:06]} 16. a7+ {[%emt 0:00:00]} Ka8 {[%emt 0:00:02]} 17. a4 {[%emt 0:00:01]} h5 {[%emt 0:00:02]} 18. Nxd6 {[%emt 0:00:02]} Qxd6 {[%emt 0:00:02]} 19. Bd4 {[%emt 0:00:00]} Nh6 {[%emt 0:00:02]} 20. Qb3 {[%emt 0:00:03]} Neg4 {[%emt 0:00:02]} 21. Rab1 {[%emt 0:00:02]} Rd7 {[%emt 0:00:02]} 22. h3 {[%emt 0:00:01]} g5 {[%emt 0:00:09]} 23. Rfc1 {[%emt 0:00:01]} h4 {[%emt 0:00:02]} 24. Bxf6 {[%emt 0:00:02]} hxg3 {[%emt 0:00:02]} 25. hxg4 {[%emt 0:00:04]} Nxg4 {[%emt 0:00:03]} 26. Kf1 {[%emt 0:00:01]} gxf2 {[%emt 0:00:03]} 27. Bxh8 {[%emt 0:00:01]} Rh7 {[%emt 0:00:03]} 28. Qb4 {[%emt 0:00:10] .} Ne3+ {[%emt 0:00:02]} 29. Kxf2 {[%emt 0:00:02] Âðåìÿ (Lag: Av=0.45s, max=0.9s)} 1-0

[Event "Stay Safe Play From Home 157"]
[Site "T#646177Emanuel Laske"]
[Date "2020.05.19"]
[Round "8"]
[White "Aditya_dpawn"]
[Black "Mepe_Nika"]
[Result "0-1"]
[WhiteElo "1943"]
[BlackElo "2255"]
[Annotator "NA"]
[PlyCount "46"]
[EventDate "2020.05.19"]
[EventType "swiss (blitz)"]

1. e4 {[%emt 0:00:01]} e5 {[%emt 0:00:01]} 2. Nf3 {[%emt 0:00:01]} Nc6 {[%emt 0:00:01]} 3. Bc4 {[%emt 0:00:01]} Nf6 {[%emt 0:00:01]} 4. O-O {[%emt 0:00:04]} Nxe4 {[%emt 0:00:01]} 5. Re1 {[%emt 0:00:03]} d5 {[%emt 0:00:01]} 6. Bb5 {[%emt 0:00:01]} Bd6 {[%emt 0:00:01]} 7. d3 {[%emt 0:00:03]} Nf6 {[%emt 0:00:01]} 8. Nxe5 {[%emt 0:00:01]} O-O {[%emt 0:00:01]} 9. Nxc6 {[%emt 0:00:03]} bxc6 {[%emt 0:00:00]} 10. Bxc6 {[%emt 0:00:00]} Rb8 {[%emt 0:00:01]} 11. h3 {[%emt 0:00:02]} Rb6 {[%emt 0:00:07]} 12. Ba4 {[%emt 0:00:01]} c5 {[%emt 0:00:00]} 13. Nc3 {[%emt 0:00:03]} Bb8 {[%emt 0:00:01]} 14. Bb3 {[%emt 0:00:03]} Qd6 {[%emt 0:00:01]} 15. f4 {[%emt 0:00:06]} Bb7 {[%emt 0:00:09]} 16. Bd2 {[%emt 0:00:02]} d4 {[%emt 0:00:01]} 17. Ne4 {[%emt 0:00:01]} Nxe4 {[%emt 0:00:01]} 18. dxe4 {[%emt 0:00:00]} Re8 {[%emt 0:00:03]} 19. Qf3 {[%emt 0:00:03]} Qg6 {[%emt 0:00:01]} 20. f5 {[%emt 0:00:07]} Qd6 {[%emt 0:00:02]} 21. Re2 {[%emt 0:00:10]} Qh2+ {[%emt 0:00:01]} 22. Kf2 {[%emt 0:00:00]} Ba6 {[%emt 0:00:09]} 23. Rf1 {[%emt 0:00:00]} c4 {[%emt 0:00:03] Time (Lag: Av=0.37s, max=0.9s) .} 0-1

[Event "Stay Safe Play From Home 157"]
[Site "T#646177Emanuel Laske"]
[Date "2020.05.19"]
[Round "8"]
[White "Ionutn28"]
[Black "Haris kollari 13"]
[Result "0-1"]
[WhiteElo "1756"]
[BlackElo "1689"]
[Annotator "NA"]
[PlyCount "84"]
[EventDate "2020.05.19"]
[EventType "swiss (blitz)"]

1. e4 {[%emt 0:00:01]} e6 {[%emt 0:00:00]} 2. d3 {[%emt 0:00:01]} d5 {[%emt 0:00:00]} 3. Nd2 {[%emt 0:00:01]} Nf6 {[%emt 0:00:01]} 4. Ngf3 {[%emt 0:00:01]} c5 {[%emt 0:00:01]} 5. g3 {[%emt 0:00:02]} d4 {[%emt 0:00:01]} 6. e5 {[%emt 0:00:02]} Nd5 {[%emt 0:00:01]} 7. Bg2 {[%emt 0:00:01]} Nc6 {[%emt 0:00:01]} 8. O-O {[%emt 0:00:01]} Be7 {[%emt 0:00:01]} 9. Re1 {[%emt 0:00:00]} Qc7 {[%emt 0:00:01]} 10. Nf1 {[%emt 0:00:02]} O-O {[%emt 0:00:01]} 11. h3 {[%emt 0:00:01]} Rd8 {[%emt 0:00:01]} 12. a3 {[%emt 0:00:02]} b5 {[%emt 0:00:01]} 13. N1h2 {[%emt 0:00:00]} Bb7 {[%emt 0:00:01]} 14. h4 {[%emt 0:00:03]} Rac8 {[%emt 0:00:01]} 15. Bg5 {[%emt 0:00:01]} a5 {[%emt 0:00:05]} 16. Bxe7 {[%emt 0:00:01]} Ncxe7 {[%emt 0:00:01]} 17. Qd2 {[%emt 0:00:01]} Ng6 {[%emt 0:00:02]} 18. Ng4 {[%emt 0:00:02]} h5 {[%emt 0:00:02]} 19. Ngh2 {[%emt 0:00:08]} Qe7 {[%emt 0:00:01]} 20. Ng5 {[%emt 0:00:03]} Nf8 {[%emt 0:00:03]} 21. Qe2 {[%emt 0:00:01]} g6 {[%emt 0:00:02]} 22. Be4 {[%emt 0:00:03]} Nh7 {[%emt 0:00:02]} 23. Nxh7 {[%emt 0:00:02]} Kxh7 {[%emt 0:00:04]} 24. Qxh5+ {[%emt 0:00:00]} Kg7 {[%emt 0:00:01]} 25. Qe2 {[%emt 0:00:03]} Nb6 {[%emt 0:00:01]} 26. Ng4 {[%emt 0:00:01]} Bxe4 {[%emt 0:00:02]} 27. Qxe4 {[%emt 0:00:00]} Nd5 {[%emt 0:00:01]} 28. a4 {[%emt 0:00:04]} b4 {[%emt 0:00:02]} 29. b3 {[%emt 0:00:00]} Nc3 {[%emt 0:00:02]} 30. Qf4 {[%emt 0:00:01]} Nd5 {[%emt 0:00:02]} 31. Qg5 {[%emt 0:00:02]} Qxg5 {[%emt 0:00:02]} 32. hxg5 {[%emt 0:00:00]} Rh8 {[%emt 0:00:01]} 33. Kg2 {[%emt 0:00:00]} Rh5 {[%emt 0:00:01]} 34. f4 {[%emt 0:00:02]} Rch8 {[%emt 0:00:02]} 35. Rh1 {[%emt 0:00:00]} Nc3 {[%emt 0:00:02]} 36. Rxh5 {[%emt 0:00:02]} gxh5 {[%emt 0:00:01]} 37. Rh1 {[%emt 0:00:00]} hxg4 {[%emt 0:00:02]} 38. Rxh8 {[%emt 0:00:00]} Kxh8 {[%emt 0:00:00]} 39. Kf2 {[%emt 0:00:00]} Kg7 {[%emt 0:00:00]} 40. Ke1 {[%emt 0:00:01]} Nd5 {[%emt 0:00:00]} 41. Kd2 {[%emt 0:00:00]} Ne3 {[%emt 0:00:00]} 42. Kc1 {[%emt 0:00:01]} Nf1 {[%emt 0:00:01] Time (Lag: Av=0.54s, max=1.1s) .} 0-1

[Event "Stay Safe Play From Home 157"]
[Site "T#646177Emanuel Laske"]
[Date "2020.05.19"]
[Round "8"]
[White "Matanant"]
[Black "Lazieri3"]
[Result "0-1"]
[WhiteElo "1589"]
[BlackElo "2083"]
[Annotator "NA"]
[PlyCount "96"]
[EventDate "2020.05.19"]
[EventType "swiss (blitz)"]

1. b3 {[%emt 0:00:01]} c6 {[%emt 0:00:00]} 2. Bb2 {[%emt 0:00:01]} d5 {[%emt 0:00:00]} 3. e3 {[%emt 0:00:01]} Nf6 {[%emt 0:00:01]} 4. f4 {[%emt 0:00:01]} Bg4 {[%emt 0:00:00]} 5. Nf3 {[%emt 0:00:00]} e6 {[%emt 0:00:01]} 6. Be2 {[%emt 0:00:02]} Bd6 {[%emt 0:00:01]} 7. O-O {[%emt 0:00:01]} Qe7 {[%emt 0:00:01]} 8. Ne5 {[%emt 0:00:03]} Bxe2 {[%emt 0:00:02]} 9. Qxe2 {[%emt 0:00:00]} Nbd7 {[%emt 0:00:00]} 10. d4 {[%emt 0:00:03]} Ne4 {[%emt 0:00:01]} 11. Nd2 {[%emt 0:00:02]} Nxd2 {[%emt 0:00:04]} 12. Qxd2 {[%emt 0:00:02]} f6 {[%emt 0:00:00]} 13. Nd3 {[%emt 0:00:02]} Ba3 {[%emt 0:00:02]} 14. Bxa3 {[%emt 0:00:02]} Qxa3 {[%emt 0:00:01]} 15. Nf2 {[%emt 0:00:00]} O-O {[%emt 0:00:02]} 16. c4 {[%emt 0:00:01]} f5 {[%emt 0:00:01]} 17. c5 {[%emt 0:00:01]} Nf6 {[%emt 0:00:01]} 18. h3 {[%emt 0:00:02]} b5 {[%emt 0:00:03]} 19. g4 {[%emt 0:00:02]} fxg4 {[%emt 0:00:03]} 20. hxg4 {[%emt 0:00:01]} a5 {[%emt 0:00:00]} 21. g5 {[%emt 0:00:02]} Nd7 {[%emt 0:00:01]} 22. Qc1 {[%emt 0:00:03]} Qxc1 {[%emt 0:00:02]} 23. Raxc1 {[%emt 0:00:02]} a4 {[%emt 0:00:00]} 24. b4 {[%emt 0:00:02]} h6 {[%emt 0:00:03]} 25. gxh6 {[%emt 0:00:02]} gxh6 {[%emt 0:00:00]} 26. Ng4 {[%emt 0:00:02]} Kf7 {[%emt 0:00:03]} 27. Nxh6+ {[%emt 0:00:02]} Ke7 {[%emt 0:00:00]} 28. Kf2 {[%emt 0:00:02]} Rh8 {[%emt 0:00:01]} 29. Ng4 {[%emt 0:00:01]} Rag8 {[%emt 0:00:02]} 30. Rg1 {[%emt 0:00:01]} Nf6 {[%emt 0:00:02]} 31. Nxf6 {[%emt 0:00:02]} Kxf6 {[%emt 0:00:00]} 32. Rxg8 {[%emt 0:00:01]} Rxg8 {[%emt 0:00:01]} 33. Rh1 {[%emt 0:00:00]} Kf5 {[%emt 0:00:02]} 34. a3 {[%emt 0:00:00]} Ke4 {[%emt 0:00:01]} 35. Rh5 {[%emt 0:00:02]} Kd3 {[%emt 0:00:02]} 36. Re5 {[%emt 0:00:00]} Rg6 {[%emt 0:00:01]} 37. f5 {[%emt 0:00:02]} exf5 {[%emt 0:00:00]} 38. Rxf5 {[%emt 0:00:01]} Rh6 {[%emt 0:00:00]} 39. Kf3 {[%emt 0:00:01]} Rh2 {[%emt 0:00:02]} 40. Kf4 {[%emt 0:00:01]} Ra2 {[%emt 0:00:00]} 41. Rf6 {[%emt 0:00:01]} Rxa3 {[%emt 0:00:02]} 42. Rxc6 {[%emt 0:00:00]} Rb3 {[%emt 0:00:01]} 43. Rd6 {[%emt 0:00:00]} Rxb4 {[%emt 0:00:01]} 44. c6 {[%emt 0:00:00]} a3 {[%emt 0:00:00]} 45. c7 {[%emt 0:00:00]} Rc4 {[%emt 0:00:00]} 46. c8=Q {[%emt 0:00:00]} Rxc8 {[%emt 0:00:01]} 47. Rxd5 {[%emt 0:00:01]} Rf8+ {[%emt 0:00:00] .} 48. Ke5 {[%emt 0:00:02]} Kxe3 {[%emt 0:00:00]} 0-1